[Event "World Junior Open 2015"]
[Site "Khanty-Mansiysk RUS"]
[Date "2015.09.13"]
[Round "11.2"]
[White "Rambaldi, Francesco"]
[Black "Bajarani, Ulvi"]
[Result "1-0"]
[WhiteTitle "IM"]
[BlackTitle "GM"]
[WhiteElo "2540"]
[BlackElo "2535"]
[WhiteFideId "20657307"]
[BlackFideId "13403028"]
[EventDate "2015.09.02"]

1. e4 e6 2. d4 d5 3. Nd2 Be7 4. e5 c5 5. Qg4 Kf8 6. Ndf3 Nc6 7. Bd3 h5 8. Qf4
cxd4 9. Ne2 Bb4+ 10. Kf1 Be7 11. Nexd4 h4 12. Bd2 Nh6 13. g4 Nxd4 14. Qxd4 g5
15. h3 a5 16. Qe3 Rg8 17. Rg1 Qc7 18. Nxh4 Bc5 19. Qe2 Bd4 20. Nf3 Bxb2 21. Rb1
Bc3 22. Bxg5 Rxg5 23. Nxg5 Bxe5 24. Nf3 Bc3 25. Qe3 Ng8 26. Nd4 Bb4 27. Nf3 Bd7
28. Ne5 Be8 29. g5 Ba4 30. Qf4 Kg7 31. g6 f6 32. Qh4 Kf8 33. Qh7 Qg7 34. Nf3 b6
35. Rg4 Bd7 36. Rh4 Rd8 37. Nd4 f5 38. Bb5 Bxb5+ 39. Nxb5 Rd7 40. Nd4 Rd6 41. c3
Bc5 42. Re1 Bxd4 43. cxd4 Rc6 44. Qh5 Ne7 45. Qg5 Qxg6 46. Qf4 Qg7 47. Rh5 Kf7
48. Qh4 Ng6 49. Qg3 Nf8 50. Rxf5+ exf5 51. Re7+ Kxe7 52. Qxg7+ Ke8 53. Qe5+ Ne6
54. h4 Kf7 55. Qxf5+ Kg7 56. h5 Rc1+ 57. Kg2 Re1 58. Qg6+ Kh8 59. Qf6+ Kh7 60.
Qf7+ Kh8 61. h6 Re4 62. f3 1-0

[Event "World Junior Open 2015"]
[Site "Khanty-Mansiysk RUS"]
[Date "2015.09.13"]
[Round "11.3"]
[White "Antipov, Mikhail Al."]
[Black "Chigaev, Maksim"]
[Result "1-0"]
[WhiteTitle "GM"]
[BlackTitle "IM"]
[WhiteElo "2538"]
[BlackElo "2531"]
[WhiteFideId "4107012"]
[BlackFideId "4108116"]
[EventDate "2015.09.02"]

1. e4 c6 2. d4 d5 3. e5 c5 4. dxc5 Nc6 5. Nf3 Bg4 6. c3 e6 7. b4 g6 8. Nbd2 Bg7
9. Qa4 Bxf3 10. Nxf3 Ne7 11. Bf4 O-O 12. b5 Nb8 13. Be2 Nd7 14. Qb4 Rc8 15. O-O
Nxc5 16. Rfd1 Qc7 17. Rac1 Rfd8 18. h4 b6 19. h5 gxh5 20. Bg5 h6 21. Bh4 Re8 22.
Bxe7 Qxe7 23. c4 dxc4 24. Rxc4 Rcd8 25. Rxd8 Rxd8 26. Rh4 Qc7 27. Qc3 Rd5 28.
Rxh5 Qb8 29. Bc4 Rd1+ 30. Kh2 Qd8 31. Qe3 Qc7 32. Nd4 Qd8 33. Nc6 Qd2 34. Rh3
Qc2 35. Rh4 Qb1 36. Rd4 Rh1+ 37. Kg3 h5 38. Bd3 Nxd3 39. Rd8+ Kh7 40. Qe4+ Kh6
41. Qe3+ Kh7 42. Qxd3+ Qxd3+ 43. Rxd3 Rb1 44. a4 Bf8 45. Rd7 Kg6 46. Nd8 Rb3+
47. f3 Bb4 48. Rxf7 Be1+ 49. Kh3 Rb4 50. g3 h4 51. Rf6+ Kh7 52. Rf4 1-0

[Event "World Junior Open 2015"]
[Site "Khanty-Mansiysk RUS"]
[Date "2015.09.13"]
[Round "11.4"]
[White "Van Foreest, Jorden"]
[Black "Bok, Benjamin"]
[Result "1/2-1/2"]
[WhiteTitle "IM"]
[BlackTitle "GM"]
[WhiteElo "2541"]
[BlackElo "2586"]
[WhiteFideId "1039784"]
[BlackFideId "1017063"]
[EventDate "2015.09.02"]

1. e4 c5 2. Nf3 e6 3. d4 cxd4 4. Nxd4 Nc6 5. Nc3 Qc7 6. Be3 a6 7. Qd2 Be7 8.
O-O-O Nf6 9. f4 b5 10. e5 b4 11. exf6 bxc3 12. Qxc3 Bxf6 13. g4 h6 14. h4 Bb7
15. Rh3 Rc8 16. Kb1 Nxd4 17. Qxc7 Rxc7 18. Bxd4 Bxd4 19. Rxd4 Ke7 20. b3 f6 21.
Bd3 a5 22. Re3 Rc5 23. h5 Rhc8 24. Kb2 R8c7 25. c4 Ba6 1/2-1/2

[Event "World Junior Open 2015"]
[Site "Khanty-Mansiysk RUS"]
[Date "2015.09.13"]
[Round "11.5"]
[White "Abasov, Nijat"]
[Black "Yuffa, Daniil"]
[Result "1/2-1/2"]
[WhiteTitle "GM"]
[BlackTitle "IM"]
[WhiteElo "2511"]
[BlackElo "2476"]
[WhiteFideId "13402960"]
[BlackFideId "24131423"]
[EventDate "2015.09.02"]

1. d4 Nf6 2. c4 e6 3. Nf3 Bb4+ 4. Nbd2 O-O 5. a3 Be7 6. e4 d6 7. Bd3 e5 8. b3
exd4 9. Nxd4 Nfd7 10. Bb2 Bf6 11. Qc2 Nc5 12. Be2 Nc6 13. Nxc6 bxc6 14. O-O a5
15. Rad1 Re8 16. Rfe1 Rb8 17. Bc3 Bxc3 18. Qxc3 Nxe4 19. Nxe4 Rxe4 20. Bf3 Rxe1+
21. Rxe1 Bd7 22. h3 h6 23. Re3 Qg5 24. Kh1 Qc5 25. a4 Re8 26. Rxe8+ Bxe8 27. Kg1
Bd7 28. Qe1 Kf8 29. Bg4 Be8 30. Bf3 Qb6 31. Qc3 c5 32. g4 Qb4 33. Qe3 Qa3 34.
Kg2 Qb2 35. Qe1 Qxb3 36. Qxa5 Qxa4 37. Qxc7 Qd7 38. Qb8 g6 39. Bd5 Kg7 40. Qb2+
f6 41. Qb8 Qe7 42. Kf3 g5 43. Kg2 Bf7 44. Bxf7 Kxf7 45. Qb1 Kg7 46. Kf3 Qe5 47.
Qd3 Qf4+ 48. Kg2 f5 49. gxf5 Kf6 50. Qd5 Qe5 51. Qg8 Kxf5 52. Qh7+ Kf4 53. Qxh6
Qe4+ 54. Kg1 Qxc4 55. Qxd6+ Kf5 56. Qf8+ Kg6 57. Qe8+ Kf5 58. Qf8+ Ke4 59. Qe7+
Kf5 1/2-1/2

[Event "World Junior Open 2015"]
[Site "Khanty-Mansiysk RUS"]
[Date "2015.09.13"]
[Round "11.6"]
[White "Grigoryan, Karen H."]
[Black "Loiseau, Quentin"]
[Result "1/2-1/2"]
[WhiteTitle "GM"]
[BlackTitle "IM"]
[WhiteElo "2609"]
[BlackElo "2419"]
[WhiteFideId "13301004"]
[BlackFideId "665274"]
[EventDate "2015.09.02"]

1. d4 d5 2. c4 c6 3. Nf3 Nf6 4. Qb3 dxc4 5. Qxc4 Bf5 6. g3 e6 7. Bg2 Nbd7 8. O-O
Be7 9. e3 O-O 10. Rd1 Qa5 11. Bd2 Qb6 12. b4 Nd5 13. a3 Be4 14. Be1 Qb5 15. Qc1
Qa4 16. Nc3 Nxc3 17. Qxc3 Nf6 18. Ne5 Bxg2 19. Kxg2 Rac8 20. Rab1 Rfd8 21. Qb3
Qxb3 22. Rxb3 Nd7 23. Nc4 Nb6 24. Na5 Rd7 25. Rc1 a6 26. Rbb1 Rcd8 27. Nb3 Na4
28. Nc5 Nxc5 29. bxc5 Re8 30. Rb3 Bd8 31. Rcb1 Ree7 32. Bc3 f5 33. f3 Rf7 34.
Re1 Bf6 35. f4 1/2-1/2

[Event "World Junior Open 2015"]
[Site "Khanty-Mansiysk RUS"]
[Date "2015.09.13"]
[Round "11.7"]
[White "Johansson, Linus"]
[Black "Gordievsky, Dmitry"]
[Result "1/2-1/2"]
[WhiteTitle "IM"]
[BlackTitle "FM"]
[WhiteElo "2400"]
[BlackElo "2511"]
[WhiteFideId "1711113"]
[BlackFideId "24112798"]
[EventDate "2015.09.02"]

1. d4 d5 2. c4 c6 3. Nf3 Nf6 4. Nc3 e6 5. Bg5 Nbd7 6. e3 Be7 7. Rc1 O-O 8. Bd3
dxc4 9. Bxc4 a6 10. e4 h6 11. Bf4 b5 12. Bd3 b4 13. Na4 Bb7 14. O-O Rc8 15. Nc5
Nxc5 16. dxc5 Nd7 17. Be3 Qc7 18. Qd2 a5 19. Bf4 e5 20. Bxh6 Rfd8 21. Be3 Nf8
22. Qc2 Ra8 23. Rfd1 Bc8 24. h3 Be6 25. Ng5 Bxg5 26. Bxg5 f6 27. Be3 Qf7 28. b3
a4 29. Rb1 axb3 30. axb3 Ra3 31. Be2 Rb8 32. Rd3 Rba8 33. Qd1 Qg6 34. Rd6 Bxh3
35. Bc4+ Kh7 36. Qf3 Bg4 37. Qg3 Qh5 38. Qh2 Qxh2+ 39. Kxh2 Bd7 40. Kg3 Kg6 41.
Rh1 Bc8 42. Rxc6 Ba6 43. Bxa6 R3xa6 44. Rxa6 Rxa6 45. Rc1 Ra8 46. Rc4 Rb8 47. c6
Rc8 48. Bb6 Kf7 49. c7 Ke6 50. Ba5 Kd7 51. Rxb4 Ne6 52. Rc4 Nd4 53. b4 Nb3 54.
f3 Nd4 55. Bb6 Nb5 56. Rc5 Nd6 57. b5 Ke6 58. Rd5 Nc4 59. Bf2 Rxc7 60. b6 Rb7
61. Rc5 Nd6 62. Rc1 Kd7 63. Kg4 g6 64. Ra1 f5+ 65. exf5 gxf5+ 66. Kg5 Ke6 67.
Ra7 Rb8 68. Rg7 f4 69. Rg6+ Kd5 70. Rg7 Nc4 71. Rg6 Ne3 72. g3 Nd1 73. Be1 fxg3
74. Bxg3 Nb2 75. Bf2 Nc4 76. Rf6 Rg8+ 77. Kh6 Rb8 78. Kg7 Rb7+ 79. Kf8 Nd6 80.
Bg1 Rb8+ 81. Ke7 Rb7+ 82. Kf8 Rb8+ 1/2-1/2

[Event "World Junior Open 2015"]
[Site "Khanty-Mansiysk RUS"]
[Date "2015.09.13"]
[Round "11.8"]
[White "Karthikeyan, Murali"]
[Black "Tran, Tuan Minh"]
[Result "0-1"]
[WhiteTitle "GM"]
[BlackTitle "IM"]
[WhiteElo "2509"]
[BlackElo "2417"]
[WhiteFideId "5074452"]
[BlackFideId "12401820"]
[EventDate "2015.09.02"]

1. e4 c5 2. Nf3 d6 3. d4 cxd4 4. Nxd4 Nf6 5. Nc3 a6 6. Bc4 e6 7. Bb3 Nc6 8. O-O
Be7 9. f4 Qc7 10. Kh1 Na5 11. Qe2 Nxb3 12. axb3 O-O 13. e5 Ne8 14. Rf3 Bd7 15.
Rh3 g6 16. Qe3 f5 17. exf6 Rxf6 18. f5 Qd8 19. Qe2 gxf5 20. Bg5 Rf7 21. Bh6 e5
22. Rg3+ Ng7 23. Qc4 Bf8 24. Nf3 Rc8 25. Qb4 f4 26. Rg5 Bc6 27. Nh4 Be7 28.
Rxg7+ Rxg7 29. Bxg7 Bxh4 30. Bh6 Qf6 31. Qc4+ Kh8 0-1

[Event "World Junior Open 2015"]
[Site "Khanty-Mansiysk RUS"]
[Date "2015.09.13"]
[Round "11.9"]
[White "Akash, G"]
[Black "Ali Marandi, Cemil Can"]
[Result "1/2-1/2"]
[WhiteTitle "IM"]
[BlackTitle "IM"]
[WhiteElo "2382"]
[BlackElo "2422"]
[WhiteFideId "5040299"]
[BlackFideId "6300529"]
[EventDate "2015.09.02"]

1. b3 g6 2. Bb2 Nf6 3. Bxf6 exf6 4. c4 d5 5. cxd5 Qxd5 6. Nc3 Qa5 7. a3 c5 8. g3
Bg7 9. Bg2 f5 10. Rc1 O-O 11. b4 cxb4 12. axb4 Qd8 13. Nh3 Na6 14. Nd5 Qd6 15.
Qb3 Be6 16. Nhf4 g5 17. Nxe6 fxe6 18. Nc3 Nxb4 19. Nb5 Qe7 20. O-O Na6 21. d4
Kh8 22. Rc4 Rad8 23. e3 f4 24. Nxa7 f3 25. Bh3 h5 26. Rb1 e5 27. dxe5 Qxe5 28.
Bf1 h4 29. Qc2 hxg3 30. hxg3 Qf5 31. e4 Qd7 32. Qc1 Qe7 33. Nc8 Qe6 34. Nb6 Bd4
35. Qxg5 Bxb6 36. e5 Rf7 37. Rh4+ Rh7 38. Bc4 Qc6 39. Rxh7+ Kxh7 40. Qe7+ Kh8
41. Qh4+ Kg7 42. Qf6+ Qxf6 43. exf6+ Kxf6 44. Rxb6+ Ke5 45. Rxb7 Nc5 46. Rf7
Rd1+ 47. Kh2 Rc1 48. Bb5 Rc3 49. Bc6 Ne6 50. Bd7 Nc5 51. Bc6 Ne6 52. Bd7 Nc5 53.
Bg4 Ne4 54. Rf5+ Kd6 55. Bxf3 Nxf2 56. g4 Nd3 57. g5 Rc5 58. Rxc5 Nxc5 59. Kg3
Ne6 60. g6 Ke7 1/2-1/2

[Event "World Junior Open 2015"]
[Site "Khanty-Mansiysk RUS"]
[Date "2015.09.13"]
[Round "11.10"]
[White "Pichot, Alan"]
[Black "Bida, Mihai-Eugen"]
[Result "1-0"]
[WhiteTitle "IM"]
[BlackTitle "FM"]
[WhiteElo "2528"]
[BlackElo "2394"]
[WhiteFideId "110973"]
[BlackFideId "1200062"]
[EventDate "2015.09.02"]

1. e4 e5 2. Nf3 Nc6 3. Bb5 a6 4. Ba4 Nge7 5. c3 g6 6. d4 exd4 7. cxd4 b5 8. Bc2
Bg7 9. d5 Na5 10. Bd2 c5 11. Bc3 O-O 12. Bxg7 Kxg7 13. b4 cxb4 14. Qd4+ Kg8 15.
Qxb4 d6 16. h3 Qc7 17. Nc3 Bd7 18. Bd3 Rfc8 19. Rc1 Nb7 20. O-O a5 21. Qd4 b4
22. Ne2 Qd8 23. Nf4 Rxc1 24. Rxc1 Rc8 25. Rd1 Ba4 26. Re1 Nc5 27. Bb1 Nd7 28. e5
dxe5 29. Nxe5 Nf6 30. Be4 Qd6 31. Bf3 Nf5 32. Qa7 Qc7 33. Qa6 Nd6 34. Nc6 Bxc6
35. dxc6 Rb8 36. Qd3 Nf5 37. Nd5 Nxd5 38. Qxd5 Rd8 39. Qc5 Rd6 40. Re8+ Kg7 41.
Qe5+ f6 42. Qe4 Kf7 43. Rh8 Kg7 44. Qe8 Kh6 45. g3 Rd3 46. Qf8+ Ng7 47. Qxf6 Rd6
48. Qh4+ Nh5 49. Bxh5 Kg7 50. Re8 Qxc6 51. Qe7+ 1-0

[Event "World Junior Open 2015"]
[Site "Khanty-Mansiysk RUS"]
[Date "2015.09.13"]
[Round "11.11"]
[White "Iskandarov, Misratdin"]
[Black "Sanal, Vahap"]
[Result "1-0"]
[WhiteTitle "IM"]
[BlackTitle "IM"]
[WhiteElo "2405"]
[BlackElo "2522"]
[WhiteFideId "13400312"]
[BlackFideId "6300545"]
[EventDate "2015.09.02"]

1. Nf3 g6 2. e4 Bg7 3. d4 d6 4. Nc3 a6 5. Bd3 Nd7 6. O-O b5 7. a4 b4 8. Nd5 a5
9. Re1 Bb7 10. c3 e6 11. Ne3 Ngf6 12. cxb4 axb4 13. e5 Bxf3 14. Qxf3 dxe5 15.
Nc2 Nd5 16. Bd2 Rb8 17. Bb5 Qe7 18. dxe5 O-O 19. Qg3 c6 20. Bxc6 Qc5 21. Bxd7
Qxc2 22. Bc1 Rfd8 23. Bb5 Ne7 24. Bg5 Nf5 25. Qh3 Rd5 26. b3 h6 27. Bf6 Bxf6 28.
exf6 Qb2 29. Bc4 Rd4 30. Qf3 Rdd8 31. a5 Qxf6 32. a6 Qe7 33. Ra4 Qa7 34. Bd3 Nd4
35. Qe3 h5 36. h4 Rb6 37. Rc1 Rbd6 38. Bf1 e5 39. Rxb4 Rxa6 40. Bxa6 Qxa6 41.
Rbc4 Qe6 42. Re1 Rd5 43. b4 Qg4 44. Rc5 Rxc5 45. bxc5 Nc2 46. Qe4 1-0

[Event "World Junior Open 2015"]
[Site "Khanty-Mansiysk RUS"]
[Date "2015.09.13"]
[Round "11.12"]
[White "Menezes, Christoph"]
[Black "Tari, Aryan"]
[Result "1/2-1/2"]
[WhiteTitle "FM"]
[BlackTitle "IM"]
[WhiteElo "2364"]
[BlackElo "2518"]
[WhiteFideId "1617001"]
[BlackFideId "1510045"]
[EventDate "2015.09.02"]

1. d4 Nf6 2. c4 e6 3. Nc3 Bb4 4. Nf3 O-O 5. Bg5 c5 6. Rc1 cxd4 7. Nxd4 Nc6 8. e3
h6 9. Bh4 Bxc3+ 10. bxc3 Ne5 11. Bg3 d6 12. Nb5 Ne4 13. Nxd6 Nxg3 14. hxg3 Qa5
15. Qb3 Rd8 16. Nb5 Nc6 17. Qa3 Qxa3 18. Nxa3 e5 19. Rd1 Be6 20. Be2 Na5 21. f4
f5 22. Kf2 Kf7 23. e4 fxe4 24. Ke3 exf4+ 25. gxf4 Rac8 26. Rxd8 Rxd8 27. Rh5 b6
28. c5 Rc8 29. Kxe4 g6 30. Re5 Rxc5 31. Rxc5 bxc5 32. Nb5 Bxa2 33. Nxa7 Ke6 1/2-1/2

[Event "World Junior Open 2015"]
[Site "Khanty-Mansiysk RUS"]
[Date "2015.09.13"]
[Round "11.13"]
[White "Georgiadis, Nico"]
[Black "Ratkovic, Miloje"]
[Result "1-0"]
[WhiteTitle "IM"]
[WhiteElo "2484"]
[BlackElo "2388"]
[WhiteFideId "1300113"]
[BlackFideId "914517"]
[EventDate "2015.09.02"]

1. d4 Nf6 2. c4 e6 3. g3 Bb4+ 4. Bd2 Qe7 5. Bg2 Nc6 6. e3 Bxd2+ 7. Qxd2 d6 8.
Nc3 a5 9. Nge2 e5 10. Nd5 Nxd5 11. cxd5 Nb8 12. O-O O-O 13. Rac1 Ra6 14. Nc3
exd4 15. exd4 Bd7 16. Ne4 f5 17. Ng5 h6 18. Ne6 Bxe6 19. Rfe1 Ra8 20. Rxe6 Qd8
21. Qc3 Na6 22. Rce1 Nb8 23. Bf3 Nd7 24. Rc1 Nb6 25. Kg2 Rf7 26. Bh5 Rd7 27.
Rce1 Qg5 28. Bg6 Rf8 29. f4 1-0

[Event "World Junior Open 2015"]
[Site "Khanty-Mansiysk RUS"]
[Date "2015.09.13"]
[Round "11.14"]
[White "Sunilduth Lyna, Narayanan"]
[Black "Beradze, Irakli"]
[Result "1/2-1/2"]
[WhiteTitle "IM"]
[WhiteElo "2473"]
[BlackElo "2380"]
[WhiteFideId "5058422"]
[BlackFideId "13604597"]
[EventDate "2015.09.02"]

1. e4 e6 2. d4 d5 3. Nd2 Nf6 4. e5 Nfd7 5. c3 c5 6. f4 cxd4 7. cxd4 Nc6 8. Ngf3
Qb6 9. Nb1 Be7 10. Nc3 a6 11. Be2 f5 12. O-O h6 13. Na4 Qa7 14. Be3 b5 15. Rc1
Bb7 16. Nc5 Nxc5 17. dxc5 O-O 18. Qd2 Qb8 19. b4 Bc8 20. Ra1 Bd7 21. Rfb1 Qc7
22. Bd1 Rfb8 23. Bc2 Be8 24. Kh1 a5 25. a3 Bh5 26. Nd4 Nxd4 27. Bxd4 Qc6 28. h3
axb4 29. axb4 Rxa1 30. Rxa1 Ra8 31. Qc3 Rxa1+ 32. Qxa1 Be8 33. g4 g6 34. gxf5
gxf5 35. Bd3 Qb7 36. Qg1+ Kh7 37. Qe1 1/2-1/2

[Event "World Junior Open 2015"]
[Site "Khanty-Mansiysk RUS"]
[Date "2015.09.13"]
[Round "11.15"]
[White "Laurusas, Tomas"]
[Black "Makhnyov, Denis"]
[Result "0-1"]
[WhiteTitle "IM"]
[BlackTitle "FM"]
[WhiteElo "2429"]
[BlackElo "2358"]
[WhiteFideId "12803731"]
[BlackFideId "13707647"]
[EventDate "2015.09.02"]

1. c4 e5 2. Nc3 Nf6 3. Nf3 Nc6 4. d4 exd4 5. Nxd4 Bb4 6. Bg5 h6 7. Bh4 O-O 8.
Rc1 g5 9. Bg3 Ne4 10. Nb5 d6 11. a3 Bxc3+ 12. Nxc3 Nxc3 13. Rxc3 Bf5 14. e3 Qe7
15. h4 Kg7 16. Be2 Be4 17. f3 Bg6 18. c5 dxc5 19. hxg5 hxg5 20. Qd5 Rfe8 21. e4
f5 22. Qxc5 fxe4 23. O-O Qxc5+ 24. Rxc5 Nd4 25. Rxc7+ Kh6 26. Bc4 Rac8 27. f4
Rxc7 28. fxg5+ Kxg5 29. Bxc7 e3 30. Bg3 b5 31. Rd1 Rd8 32. Re1 bxc4 33. Rxe3 Bd3
34. Be5 Nf5 35. Re1 Kg4 36. Bf6 Rf8 37. Re6 Ng3 38. Rc6 Ne4 39. Bd4 Rf1+ 40. Kh2
Ng3 41. Bg1 Rf7 42. Rh6 a6 43. Rh8 Rh7+ 44. Rxh7 Bxh7 45. Bf2 Ne2 46. Be3 Be4
47. Bd2 Nf4 48. g3 Ne2 49. Be1 Bf3 50. Bf2 Kf5 51. Kh3 Bg4+ 52. Kg2 Ke4 53. Bc5
Nc1 54. Be7 Nd3 55. Bf6 Ke3 56. a4 Kd2 57. a5 Kc2 58. Kf1 Nxb2 59. Kf2 Nd1+ 0-1

[Event "World Junior Open 2015"]
[Site "Khanty-Mansiysk RUS"]
[Date "2015.09.13"]
[Round "11.16"]
[White "Vokhidov, Shamsiddin"]
[Black "Cori, Jorge"]
[Result "0-1"]
[BlackTitle "GM"]
[WhiteElo "2292"]
[BlackElo "2637"]
[WhiteFideId "14204223"]
[BlackFideId "3802272"]
[EventDate "2015.09.02"]

1. e4 c5 2. Nf3 e6 3. d4 cxd4 4. Nxd4 Nc6 5. Nb5 d6 6. c4 Nf6 7. N1c3 a6 8. Na3
b6 9. Be2 Bb7 10. O-O Be7 11. Be3 Rc8 12. Qb3 Nd7 13. Rfd1 Qc7 14. f3 g5 15.
Rac1 Nce5 16. Qc2 Qb8 17. Qd2 Rg8 18. Kh1 Qa8 19. b4 f5 20. exf5 g4 21. fxe6
gxf3 22. exd7+ Kxd7 23. Nd5 Bxd5 24. Qxd5 fxe2 25. Rd2 Qxd5 26. Rxd5 Rcf8 27.
Kg1 Nf3+ 28. Kf2 Ne1+ 29. Kxe1 Rxg2 30. Kd2 e1=Q+ 0-1

[Event "World Junior Open 2015"]
[Site "Khanty-Mansiysk RUS"]
[Date "2015.09.13"]
[Round "11.17"]
[White "Bai, Jinshi"]
[Black "Isaev, Chyngyz"]
[Result "1-0"]
[WhiteTitle "IM"]
[WhiteElo "2519"]
[BlackElo "2163"]
[WhiteFideId "8602280"]
[BlackFideId "13801660"]
[EventDate "2015.09.02"]

1. d4 d5 2. c4 e6 3. Nf3 Nf6 4. g3 Bb4+ 5. Bd2 Be7 6. Bg2 O-O 7. O-O c6 8. Qc2
Nbd7 9. Rd1 b6 10. b3 Bb7 11. Nc3 Rc8 12. e4 c5 13. exd5 exd5 14. Bf4 Re8 15.
Nxd5 Bxd5 16. cxd5 Nxd5 17. Qf5 Nxf4 18. Qxf4 Bf6 19. Bh3 cxd4 20. Nxd4 Rc5 21.
Rab1 Be5 22. Qf5 Bxd4 23. Qxd7 Bf6 24. Qxa7 Qc7 25. Qxc7 Rxc7 26. Rd2 h6 27. Bf1
Rec8 28. Bc4 Rd8 29. Rbd1 Rxd2 30. Rxd2 Be7 31. Kg2 Kf8 32. f4 Bc5 33. Rd8+ Ke7
34. Rb8 Rd7 35. Kf3 f6 36. Rg8 g5 37. Rg7+ Kd8 38. Rg6 Rd2 39. Rxf6 gxf4 40.
gxf4 Rxh2 41. a4 h5 42. Rh6 Ke7 43. f5 Bd4 44. Ke4 Rd2 45. Rh7+ Kd6 46. Rxh5 Bc3
47. Rh6+ Kc5 48. f6 Rf2 49. f7 Bg7 50. Rh7 Bf8 51. Rh8 Bd6 52. Rc8+ Kb4 53. Kd5
Bc5 54. Rxc5 1-0

[Event "World Junior Open 2015"]
[Site "Khanty-Mansiysk RUS"]
[Date "2015.09.13"]
[Round "11.18"]
[White "Leiva, Giuseppe"]
[Black "Gagare, Shardul"]
[Result "0-1"]
[WhiteTitle "IM"]
[BlackTitle "IM"]
[WhiteElo "2400"]
[BlackElo "2469"]
[WhiteFideId "3804399"]
[BlackFideId "5037883"]
[EventDate "2015.09.02"]

1. d4 Nf6 2. Nf3 d5 3. c4 e6 4. g3 Bb4+ 5. Bd2 Be7 6. Bg2 O-O 7. O-O c6 8. Qc2
b6 9. b3 Nbd7 10. Rd1 Ba6 11. a4 c5 12. a5 Rc8 13. axb6 Qxb6 14. Qa2 Bb7 15. Ba5
Qd6 16. b4 cxd4 17. c5 Qb8 18. Nxd4 Ne5 19. Nd2 h5 20. Rdc1 h4 21. Qa4 hxg3 22.
hxg3 Nc6 23. N2b3 Ne4 24. Bxe4 dxe4 25. e3 Rfe8 26. Ra2 e5 27. Nf5 Ba6 28. Rd2
Bb5 29. Qa3 Bd3 30. Rcd1 g6 31. Nxe7+ Rxe7 32. Nc1 Bb5 33. Rd6 Kg7 34. Qa2 Qb7
35. R1d2 Rh8 36. Qd5 Nxa5 37. bxa5 Qc8 38. Qxe4 Qxc5 39. Nb3 Qc3 40. Qc2 Rc7 41.
Qe4 Bc6 42. Rxc6 Rxc6 43. Kg2 Rc4 44. Qd5 Qxb3 45. Qxe5+ Kh7 46. Qe7 Ra4 47. Rd7
Rxa5 48. g4 Ra6 0-1

[Event "World Junior Open 2015"]
[Site "Khanty-Mansiysk RUS"]
[Date "2015.09.13"]
[Round "11.19"]
[White "Barbot, Pierre1"]
[Black "Megalios, Konstantinos"]
[Result "1-0"]
[WhiteTitle "FM"]
[WhiteElo "2455"]
[BlackElo "2242"]
[WhiteFideId "663727"]
[BlackFideId "4238044"]
[EventDate "2015.09.02"]

1. Nf3 Nf6 2. c4 e6 3. Nc3 Bb4 4. Qc2 O-O 5. a3 Bxc3 6. Qxc3 b6 7. e3 Bb7 8. Be2
d6 9. b3 Ne4 10. Qc2 f5 11. Bb2 Nd7 12. d3 Nef6 13. h3 e5 14. d4 Qe7 15. O-O-O
Ne4 16. Bd3 Rae8 17. Rhe1 g6 18. Ng1 Qh4 19. g3 Qe7 20. h4 Ndf6 21. Nh3 c5 22.
d5 b5 23. Rg1 bxc4 24. bxc4 Ng4 25. h5 Bc8 26. hxg6 hxg6 27. Rh1 Rf7 28. Rde1
Rh7 29. Reg1 Rxh3 30. Rxh3 Nexf2 31. Rh4 Qg5 32. Qd2 Bd7 33. Bc2 Rb8 34. Rf1 Ne4
35. Bxe4 fxe4 36. Rfh1 Be8 37. Rh8+ Kg7 38. R1h7+ Kf6 39. Rf8+ Bf7 40. Rhxf7# 1-0

[Event "World Junior Open 2015"]
[Site "Khanty-Mansiysk RUS"]
[Date "2015.09.13"]
[Round "11.20"]
[White "Goryachkina, Aleksandra"]
[Black "Bogdanov, Egor"]
[Result "1-0"]
[WhiteTitle "WGM"]
[WhiteElo "2497"]
[BlackElo "2333"]
[WhiteFideId "4147103"]
[BlackFideId "14119137"]
[EventDate "2015.09.02"]

1. d4 Nf6 2. c4 g6 3. Nc3 Bg7 4. e4 O-O 5. Nf3 d6 6. h3 e5 7. d5 Nh5 8. g3 f5 9.
exf5 gxf5 10. Nh4 Nf4 11. Rg1 Ng6 12. Nxg6 hxg6 13. h4 Nd7 14. h5 gxh5 15. Qxh5
Nf6 16. Qh4 Kf7 17. c5 Rh8 18. Qc4 b5 19. Qxb5 Bd7 20. Qa5 Rb8 21. Bc4 e4 22. c6
Bc8 23. Nb5 Ng4 24. Qxa7 e3 25. fxe3 Rxb5 26. Bxb5 Rh2 27. Be2 Rxe2+ 28. Kxe2
Qh8 29. Bd2 Qh2+ 30. Kd3 Ne5+ 31. Kc2 Qe2 32. Rad1 Ba6 33. Qxc7+ Kg6 34. Qxd6+
Bf6 35. Rge1 Bd3+ 36. Kc1 Qg2 37. c7 Be4 38. Qxe5 1-0

[Event "World Junior Open 2015"]
[Site "Khanty-Mansiysk RUS"]
[Date "2015.09.13"]
[Round "11.21"]
[White "Arat, Ufuk Sezen"]
[Black "Saiyn, Zhanat"]
[Result "0-1"]
[WhiteTitle "FM"]
[BlackTitle "IM"]
[WhiteElo "2441"]
[BlackElo "2413"]
[WhiteFideId "6309089"]
[BlackFideId "13703820"]
[EventDate "2015.09.02"]

1. c4 e5 2. Nc3 Nf6 3. g3 d5 4. cxd5 Nxd5 5. Bg2 Nb6 6. Nf3 Nc6 7. O-O Be7 8. a3
Be6 9. b4 a5 10. b5 Nd4 11. Rb1 a4 12. d3 Bb3 13. Qd2 Nxf3+ 14. Bxf3 Ra7 15. Qe3
Qd4 16. Bb2 Qxe3 17. fxe3 Bc5 18. Kf2 f5 19. Rbc1 O-O 20. Nb1 Bd6 21. Nd2 Be6
22. Kg1 Ra5 23. Bxb7 Rxb5 24. Rc2 Nd5 25. Bxd5 Bxd5 26. e4 fxe4 27. Nxe4 Bxe4
28. dxe4 Rfb8 29. Bc1 Rc5 30. Rd2 Rc4 31. Rfd1 Rb1 32. Bb2 Rxd1+ 33. Rxd1 Rc2
34. Rb1 Rxe2 35. Bc3 Rxe4 36. Rb7 Bc5+ 37. Kf1 Bb6 38. Bb4 Rc4 39. Rb8+ Kf7 40.
Ra8 e4 41. Rf8+ Kg6 42. Ra8 Rc1+ 43. Ke2 Rc2+ 44. Kd1 Rxh2 45. Rxa4 Kf5 46. Ra8
e3 47. Be1 Ke4 0-1

[Event "World Junior Open 2015"]
[Site "Khanty-Mansiysk RUS"]
[Date "2015.09.13"]
[Round "11.22"]
[White "Korchmar, Vasiliy"]
[Black "Harsha, Bharathakoti"]
[Result "1/2-1/2"]
[WhiteTitle "IM"]
[WhiteElo "2409"]
[BlackElo "2393"]
[WhiteFideId "24131750"]
[BlackFideId "5078776"]
[EventDate "2015.09.02"]

1. d4 d5 2. c4 c6 3. Nf3 Nf6 4. Nc3 e6 5. g3 dxc4 6. Bg2 b5 7. Ne5 Qb6 8. O-O
Bb7 9. b3 cxb3 10. axb3 a5 11. Be3 Nd5 12. Ne4 Na6 13. Rc1 Be7 14. Qc2 Nab4 15.
Qb1 f6 16. Nd3 Nxd3 17. Qxd3 O-O 18. Nc5 Bxc5 19. Rxc5 a4 20. Bd2 b4 21. bxa4
Rxa4 22. Rb1 Rfa8 23. h4 Ra1 24. Kh2 Rxb1 25. Qxb1 b3 26. e4 Nc7 27. Rc4 Ra2 28.
Rb4 Nb5 29. Be3 Qa5 30. Qxb3 Bc8 31. Qc4 Nd6 32. Qc5 Qxc5 33. dxc5 Nb5 34. e5
Bd7 35. exf6 gxf6 36. Rg4+ Kf7 37. Bh6 Rxf2 38. Rg7+ Ke8 39. Rg8+ Kf7 40. Rg7+
Ke8 41. Kg1 Rc2 42. Be4 Rxc5 43. Bxh7 Nd6 44. Rg8+ Kf7 45. Rg7+ Ke8 46. Bg6+ Kd8
47. Be3 Rc3 48. Kf2 Ne8 49. Bb6+ Kc8 50. Rg8 Kb7 51. h5 f5 52. Bxe8 Bxe8 53.
Rxe8 Kxb6 54. Rxe6 Rc2+ 55. Kf3 Rh2 56. h6 Kb5 57. Kf4 Rh5 58. Re5+ c5 59. g4
Rxh6 60. gxf5 Kb4 61. Kg5 Rh8 62. f6 c4 63. f7 Rf8 64. Kg6 c3 65. Re8 Rxf7 66.
Kxf7 c2 67. Rc8 Kb3 68. Ke6 Kb2 69. Rxc2+ 1/2-1/2